00522nmm a2200145Ia 4500008004100000020001500041041000800056100004000064245008100104264006400185300001800249490003000267650003000297856004900327251105s9999||||xx |||||||||||||||||und|| a1882528271 aeng aSeaver, Paul W. Jr. (ed. and intro) 0aSelected proceedings of the first International Conference on Hispanic Humor a[Washington, Estados Unidos] :bScripta Humanistica, c1998 a163 páginas aLatin American Literature aLatin American literature uhttps://public.digitaliapublishing.com/a/278